Süper Lig - Statistics

General Stats
  • This quiz has been taken 99 times
  • The average score is 16 of 18
Answer Stats
Takım % Correct
Beşiktaş
98%
Fenerbahçe
97%
Galatasaray
97%
Trabzonspor
96%
Göztepe
90%
Alanyaspor
89%
Antalyaspor
89%
Samsunspor
88%
Fatih Karagümrük
87%
Başakşehir
85%
Kasımpaşa
83%
Eyüpspor
82%
Gençlerbirliği
82%
Kayserispor
81%
Gaziantep
80%
Konyaspor
80%
Çaykur Rizespor
76%
Kocaelispor
75%
No matching quizzes found
Score Distribution
Percent of People with Each Score
Percentile by Number Answered
Your Score History
You have not taken this quiz